[Event "Barcelona Sant Marti op-A 4th"]
[Site "Barcelona"]
[Date "2015.03.12"]
[Round "9"]
[White "Grifell Sola, Joan"]
[Black "Prats Rodriguez, Juan Bosco"]
[Result "1/2-1/2"]
[WhiteElo "1856"]
[BlackElo "2033"]
[PlyCount "86"]
[EventDate "2015.01.15"]
[EventType "swiss"]
[EventRounds "9"]
[EventCountry "ESP"]
[SourceTitle "EXT 2016"]
[Source "ChessBase"]
[SourceDate "2015.10.08"]
[SourceVersion "1"]
[SourceVersionDate "2015.10.08"]
[SourceQuality "1"]

1. e4 d6 2. d4 Nf6 3. Nc3 g6 4. Bg5 Bg7 5. f4 0-0 6. e5 Nfd7 7. Nf3 c5 8. exd6 f6 9. Bc4+ Kh8 10. Bh4 exd6 11. 0-0 Nb6 12. Be2 Nc6 13. dxc5 dxc5 14. Qe1 Bf5 15. Rd1 Qe7 16. Qf2 Rad8 17. Rfe1 Qf7 18. Bb5 Rxd1 19. Rxd1 Nb4 20. Qxc5 Nxc2 21. Nd4 Rc8 22. Qd6 Nxd4 23. Qxd4 g5 24. Bf2 Qc7 25. Nd5 Nxd5 26. Qxd5 Qxf4 27. Qxb7 Qb8 28. Qe7 h6 29. Rd7 Bxd7 30. Qxd7 Rc1+ 31. Bf1 Rc7 32. Qf5 Qxb2 33. Qe6 Qb1 34. Be3 f5 35. g3 Qe4 36. Qb3 Rc3 37. Qb8+ Kh7 38. Bxa7 Rc2 39. Qb3 Bd4+ 40. Bxd4 Qxd4+ 41. Kh1 Qe4+ 42. Kg1 Qd4+ 43. Kh1 Qe4+ 1/2-1/2

[Event "Barcelona Sant Marti op-A 4th"]
[Site "Barcelona"]
[Date "2015.03.05"]
[Round "8"]
[White "Grifell Sola, Joan"]
[Black "Colom Andres, Xavier"]
[Result "1-0"]
[WhiteElo "1856"]
[BlackElo "1949"]
[PlyCount "67"]
[EventDate "2015.01.15"]
[EventType "swiss"]
[EventRounds "9"]
[EventCountry "ESP"]
[SourceTitle "EXT 2016"]
[Source "ChessBase"]
[SourceDate "2015.10.08"]
[SourceVersion "1"]
[SourceVersionDate "2015.10.08"]
[SourceQuality "1"]

1. e4 c5 2. d4 cxd4 3. c3 g6 4. cxd4 d5 5. exd5 Nf6 6. Nc3 Nxd5 7. Bc4 Nb6 8. Bb3 Bg7 9. Nge2 0-0 10. Bf4 Nc6 11. d5 Ne5 12. 0-0 Nec4 13. Qc1 Bg4 14. f3 Bd7 15. Bh6 Bxh6 16. Qxh6 Nxb2 17. Ne4 f6 18. Nf4 Qe8 19. Rfe1 N2c4 20. Rac1 Ne5 21. d6+ e6 22. Rc7 Rf7 23. Rxd7 Nbxd7 24. Bxe6 g5 25. Nxf6+ Nxf6 26. Qxf6 Qd8 27. Qxe5 gxf4 28. Bxf7+ Kxf7 29. Qxf4+ Kg8 30. h3 Qb6+ 31. Kh2 Rd8 32. Qg5+ Kf8 33. Re6 Rd7 34. Rf6+ 1-0

[Event "Barcelona Tres Peons op 16th"]
[Site "Barcelona"]
[Date "2014.01.10"]
[Round "1"]
[White "Grifell Sola, Joan"]
[Black "Leiro Giralt, Daniel"]
[Result "0-1"]
[WhiteElo "2003"]
[BlackElo "2317"]
[PlyCount "72"]
[EventDate "2014.01.10"]
[EventType "swiss"]
[EventRounds "9"]
[EventCountry "ESP"]
[SourceTitle "EXT 2015"]
[Source "ChessBase"]
[SourceDate "2014.11.20"]
[SourceVersion "1"]
[SourceVersionDate "2014.11.20"]
[SourceQuality "1"]

1. e4 e5 2. f4 d5 3. exd5 exf4 4. Nf3 Nf6 5. Bc4 Nxd5 6. Qe2+ Be7 7. Nc3 Nxc3 8. dxc3 0-0 9. Bxf4 Nc6 10. 0-0 Bg4 11. Rae1 Qd7 12. Qf2 Bh5 13. Qg3 Bd6 14. Ne5 Nxe5 15. Bxe5 Bxe5 16. Qxe5 Bg6 17. Rd1 Qc6 18. Rd4 Rae8 19. Qg5 Re4 20. Bd5 Qb6 21. Bxe4 Bxe4 22. Kh1 f6 23. Qd2 f5 24. Rd8 Qxb2 25. Rxf8+ Kxf8 26. Qd8+ Kf7 27. Qxc7+ Kf6 28. Qd6+ Kf7 29. Qd7+ Kf6 30. Qd4+ Kg6 31. Qd6+ Kf7 32. Qc7+ Kf6 33. Qd8+ Kg6 34. Rd1 Qxc2 35. Rd6+ Kh5 36. Qe8+ g6 0-1

[Event "Barcelona Tres Peons op-A 15th"]
[Site "Barcelona"]
[Date "2013.02.01"]
[Round "4"]
[White "Valls Marti, Artur"]
[Black "Grifell Sola, Joan"]
[Result "1-0"]
[WhiteElo "2148"]
[BlackElo "1894"]
[PlyCount "77"]
[EventDate "2013.01.11"]
[EventType "swiss"]
[EventRounds "9"]
[EventCountry "ESP"]
[SourceTitle "EXT 2014"]
[Source "ChessBase"]
[SourceDate "2013.11.20"]
[SourceVersion "1"]
[SourceVersionDate "2013.11.20"]
[SourceQuality "1"]

1. c4 Nf6 2. Nc3 c5 3. g3 Nc6 4. Bg2 g6 5. a3 Bg7 6. e3 0-0 7. Nge2 d6 8. 0-0 Be6 9. d3 d5 10. Nf4 Bg4 11. f3 d4 12. fxg4 dxc3 13. bxc3 g5 14. Nh3 h6 15. d4 Qc7 16. Rb1 Rfd8 17. Qa4 Rab8 18. Nf2 Qd7 19. Qb5 Nxg4 20. Qxc5 Nf6 21. Nd3 Ne8 22. Qd5 Nf6 23. Rxf6 Qxd5 24. cxd5 Bxf6 25. dxc6 bxc6 26. Rxb8 Rxb8 27. Bd2 Rb3 28. a4 Rb8 29. Bxc6 Rd8 30. Kf2 e5 31. Ke2 exd4 32. cxd4 Kg7 33. Bb4 Kg6 34. a5 Kf5 35. a6 Kg4 36. Nf2+ Kh5 37. Bc5 Rc8 38. g4+ Kh4 39. Bd6 1-0

[Event "Barcelona Vila de Gracia op 6th"]
[Site "Barcelona"]
[Date "2012.11.09"]
[Round "6"]
[White "Grifell Sola, Joan"]
[Black "Daguro Dasalla, Armando"]
[Result "1-0"]
[WhiteElo "1874"]
[BlackElo "1992"]
[PlyCount "53"]
[EventDate "2012.09.28"]
[EventType "swiss"]
[EventRounds "9"]
[EventCountry "ESP"]
[SourceTitle "EXT 2015"]
[Source "ChessBase"]
[SourceDate "2014.11.20"]
[SourceVersion "1"]
[SourceVersionDate "2014.11.20"]
[SourceQuality "1"]

1. e4 c5 2. Nf3 d6 3. d4 cxd4 4. Nxd4 Nf6 5. Nc3 g6 6. Bc4 Nc6 7. Nxc6 bxc6 8. e5 Ng4 9. e6 f5 10. 0-0 Bg7 11. Bf4 Qb6 12. Bxd6 exd6 13. Qxd6 Be5 14. Qd2 Qd4 15. Qe2 Bxh2+ 16. Kh1 Bd6 17. g3 Ke7 18. Rad1 Qe5 19. Qf3 Qg7 20. Kg2 Ne5 21. Qf4 Qf6 22. Rxd6 Nxc4 23. Rxc6 Ke8 24. Qxc4 Bb7 25. Nd5 Qd8 26. e7 Qa5 27. b4 1-0

[Event "Barcelona Ateneu Colon op 7th"]
[Site "Barcelona"]
[Date "2012.06.12"]
[Round "9"]
[White "Grifell Sola, Joan"]
[Black "Angli Marti, Jordi"]
[Result "0-1"]
[WhiteElo "1916"]
[BlackElo "2088"]
[PlyCount "82"]
[EventDate "2012.04.10"]
[EventType "swiss"]
[EventRounds "9"]
[EventCountry "ESP"]
[SourceTitle "CBM 148 Extra"]
[Source "ChessBase"]
[SourceDate "2012.06.22"]
[SourceVersion "1"]
[SourceVersionDate "2012.06.22"]
[SourceQuality "1"]

1. e4 c5 2. d4 cxd4 3. c3 dxc3 4. Nxc3 Nc6 5. Bf4 d6 6. Bc4 a6 7. Nf3 Nf6 8. h3 e6 9. 0-0 b5 10. Bd3 Be7 11. Rc1 Bb7 12. Qe2 0-0 13. Rfd1 b4 14. Na4 Qa5 15. b3 Nd7 16. Bb1 Qh5 17. Bxd6 Bxd6 18. Rxd6 Nde5 19. Rc5 Rad8 20. Rdxc6 Nxf3+ 21. gxf3 Qg6+ 22. Kh2 Bxc6 23. Rxc6 Qg5 24. Bd3 Rd4 25. Nb2 a5 26. Rc4 Rd7 27. e5 g6 28. Rg4 Qc1 29. Nc4 Rd5 30. Nd6 Qc3 31. Bc4 Qxe5+ 32. Qxe5 Rxe5 33. f4 Rh5 34. Ne4 f5 35. Bxe6+ Kg7 36. Ng5 fxg4 37. Bxg4 Rxg5 38. fxg5 Rxf2+ 39. Kg3 Rxa2 40. Kf4 a4 41. bxa4 b3 0-1

[Event "Barcelona Ateneu Colon op 7th"]
[Site "Barcelona"]
[Date "2012.05.08"]
[Round "4"]
[White "Fabre Massana, Miquel"]
[Black "Grifell Sola, Joan"]
[Result "1-0"]
[WhiteElo "2124"]
[BlackElo "1916"]
[PlyCount "67"]
[EventDate "2012.04.10"]
[EventType "swiss"]
[EventRounds "9"]
[EventCountry "ESP"]
[SourceTitle "CBM 148 Extra"]
[Source "ChessBase"]
[SourceDate "2012.06.22"]
[SourceVersion "1"]
[SourceVersionDate "2012.06.22"]
[SourceQuality "1"]

1. e4 e5 2. Nf3 f5 3. Nxe5 Nc6 4. Qh5+ g6 5. Nxg6 Nf6 6. Qh3 hxg6 7. Qxh8 Qe7 8. d3 fxe4 9. Be3 d5 10. d4 Bf5 11. Nc3 0-0-0 12. Qh4 Qb4 13. 0-0-0 Bg7 14. Be2 Rh8 15. Qg3 Bf8 16. Rhe1 Be7 17. h3 Qa5 18. Kb1 Bb4 19. Bg5 Nd7 20. a3 Bd6 21. Bf4 Be7 22. Qe3 Bf6 23. Nb5 Bd8 24. Bg5 Nf6 25. Qc3 Qb6 26. Qc5 Qa5 27. Nc3 Qxc5 28. dxc5 d4 29. Nb5 Nd7 30. Bxd8 Rxd8 31. Nxd4 Nxc5 32. Nxc6 bxc6 33. b4 Na4 34. Ba6+ 1-0

[Event "Barcelona Primavera La Lira op 4th"]
[Site "Barcelona"]
[Date "2011.06.02"]
[Round "9"]
[White "Grifell Sola, Joan"]
[Black "Martorell Aubanell, Adria"]
[Result "0-1"]
[WhiteElo "1906"]
[BlackElo "2102"]
[PlyCount "78"]
[EventDate "2011.03.31"]
[EventType "swiss"]
[EventRounds "9"]
[EventCountry "ESP"]
[SourceTitle "EXT 2012"]
[Source "ChessBase"]
[SourceDate "2011.11.24"]
[SourceVersion "1"]
[SourceVersionDate "2011.11.24"]
[SourceQuality "1"]

1. e4 c5 2. d4 cxd4 3. c3 dxc3 4. Nxc3 e6 5. Nf3 a6 6. Bc4 Qc7 7. Qe2 Ne7 8. 0-0 Ng6 9. Bb3 Be7 10. Be3 0-0 11. Rac1 Nc6 12. Rfd1 h6 13. g3 Qa5 14. Nd4 Bf6 15. Nxc6 bxc6 16. Na4 Rb8 17. Rc5 Qc7 18. h4 d6 19. Rcc1 e5 20. Nc3 Ne7 21. Nd5 Nxd5 22. exd5 c5 23. Bc2 Qe7 24. Re1 Rb4 25. f3 e4 26. Bf2 Rxb2 27. fxe4 Be5 28. a4 Qf6 29. Rf1 Qg6 30. Qd3 Qg4 31. Bd1 Qh3 32. Rc2 Rxc2 33. Bxc2 f5 34. Rb1 f4 35. gxf4 Rxf4 36. Qxh3 Bxh3 37. Bd1 g5 38. Rb8+ Kg7 39. Rb6 g4 0-1

[Event "Barcelona Primavera La Lira op 4th"]
[Site "Barcelona"]
[Date "2011.05.19"]
[Round "7"]
[White "Rueda Marquez, David Juan"]
[Black "Grifell Sola, Joan"]
[Result "0-1"]
[WhiteElo "2085"]
[BlackElo "1906"]
[PlyCount "68"]
[EventDate "2011.03.31"]
[EventType "swiss"]
[EventRounds "9"]
[EventCountry "ESP"]
[SourceTitle "EXT 2012"]
[Source "ChessBase"]
[SourceDate "2011.11.24"]
[SourceVersion "1"]
[SourceVersionDate "2011.11.24"]
[SourceQuality "1"]

1. c4 e6 2. d4 d5 3. Nc3 Nf6 4. Nf3 Bb4 5. Bg5 0-0 6. e3 b6 7. Bd3 dxc4 8. Bxc4 Bb7 9. 0-0 Nbd7 10. Qe2 h6 11. Bh4 Be7 12. Bxf6 Bxf6 13. Rfd1 Qe7 14. e4 c5 15. e5 Bg5 16. dxc5 Bxf3 17. Qxf3 Nxe5 18. Qe2 Nxc4 19. Qxc4 bxc5 20. Ne4 Rac8 21. Nxg5 Qxg5 22. Rd7 Rfd8 23. Rxa7 Rd2 24. h3 Rcd8 25. Ra3 Qe5 26. Rf1 Rxb2 27. Rc3 Rd5 28. a4 Rb4 29. Qa6 Qxc3 30. Qc8+ Kh7 31. a5 Ra4 32. a6 Qa5 33. Qe8 Kg6 34. f4 Ra1 0-1

[Event "Sant Boi Chalmeta Memorial op 23th"]
[Site "Sant Boi de Llobregat"]
[Date "2011.05.06"]
[Round "2.10"]
[White "Llopis de Aysa, Manuel"]
[Black "Grifell Sola, Joan"]
[Result "1-0"]
[WhiteElo "2137"]
[BlackElo "1906"]
[PlyCount "77"]
[EventDate "2011.04.29"]
[EventType "swiss"]
[EventRounds "8"]
[EventCountry "ESP"]
[SourceTitle "EXT 2024"]
[Source "ChessBase"]
[SourceDate "2023.10.10"]
[SourceVersion "1"]
[SourceVersionDate "2023.10.10"]
[SourceQuality "1"]

1. d4 g6 2. e4 Bg7 3. Nf3 c5 4. d5 d6 5. c4 Bg4 6. Be2 Nd7 7. 0-0 Ngf6 8. Nc3 0-0 9. h3 Bxf3 10. Bxf3 Ne5 11. Be2 a6 12. Be3 Ne8 13. Qd2 f5 14. exf5 Rxf5 15. f4 Nd7 16. Bg4 Rf8 17. Ne4 Nc7 18. Ng5 Nb6 19. Qc2 Bf6 20. Ne6 Nxe6 21. Bxe6+ Kh8 22. g4 Qe8 23. Rae1 Qa4 24. b3 Qe8 25. g5 Bg7 26. Kg2 h5 27. Bd2 Rd8 28. Ba5 Na8 29. Bxd8 Qxd8 30. Qxg6 Qe8 31. Qxe8 Rxe8 32. Bf7 Rc8 33. Rxe7 b5 34. Bxh5 bxc4 35. bxc4 Nb6 36. Be2 Na4 37. Rb1 Nc3 38. Rbb7 Nxe2 39. Rxe2 1-0

[Event "Barcelona ASPE op 1st"]
[Site "Barcelona"]
[Date "2011.04.12"]
[Round "2"]
[White "Grifell Sola, Joan"]
[Black "Rueda Marquez, David Juan"]
[Result "1/2-1/2"]
[WhiteElo "1906"]
[BlackElo "2085"]
[PlyCount "88"]
[EventDate "2011.04.05"]
[EventType "swiss"]
[EventRounds "9"]
[EventCountry "ESP"]
[SourceTitle "CBM 142 Extra"]
[Source "ChessBase"]
[SourceDate "2011.06.27"]
[SourceVersion "1"]
[SourceVersionDate "2011.06.27"]
[SourceQuality "1"]

1. e4 c5 2. d4 cxd4 3. c3 d3 4. Bxd3 Nc6 5. Nf3 d6 6. 0-0 Nf6 7. Bf4 e6 8. Qe2 Be7 9. Rd1 e5 10. Bg5 0-0 11. h3 Nh5 12. Be3 g6 13. Bb5 Qc7 14. c4 a6 15. Ba4 Be6 16. Nc3 f5 17. exf5 gxf5 18. Nd5 Bxd5 19. cxd5 f4 20. dxc6 fxe3 21. fxe3 Ng3 22. Qe1 Nf5 23. cxb7 Qxb7 24. Bb3+ Kh8 25. Bd5 Qb6 26. Bxa8 Rxa8 27. Rd3 Rg8 28. Rb3 Qc6 29. e4 Qc2 30. Qf2 Qxe4 31. Re1 Qf4 32. Qd2 Qa4 33. Qd3 Ng3 34. Rb7 Qe8 35. Nh2 Qf7 36. Ng4 d5 37. Qxg3 Bc5+ 38. Kh1 Qxb7 39. Qxe5+ Qg7 40. Qxg7+ Kxg7 41. Rc1 Bd4 42. Rd1 Bxb2 43. Rxd5 Re8 44. Kh2 Re6 1/2-1/2

[Event "Barcelona op-B"]
[Site "Barcelona"]
[Date "1998.??.??"]
[Round "5"]
[White "Grifell Sola, Joan"]
[Black "Perez Alonso, Jeronimo"]
[Result "0-1"]
[WhiteElo "1900"]
[BlackElo "2035"]
[PlyCount "80"]
[EventDate "1998.??.??"]
[EventType "swiss"]
[EventRounds "8"]
[EventCountry "ESP"]
[SourceTitle "EXT 2019"]
[Source "ChessBase"]
[SourceDate "2018.10.10"]
[SourceVersion "1"]
[SourceVersionDate "2018.10.10"]
[SourceQuality "1"]

1. e4 d6 2. d4 Nf6 3. Bd3 g6 4. Bg5 Bg7 5. f4 c5 6. e5 dxe5 7. fxe5 Nd5 8. c3 cxd4 9. cxd4 Nc6 10. Bc4 Be6 11. Nf3 0-0 12. 0-0 h6 13. Bh4 Ne3 14. Qe2 Nxc4 15. Rd1 Nb6 16. Nc3 Nd5 17. Ne4 b6 18. Rac1 Rc8 19. Nd6 Rc7 20. Nb5 Rc8 21. Nd6 Qd7 22. Nxc8 Rxc8 23. h3 g5 24. Bg3 Bf5 25. h4 g4 26. Nh2 h5 27. Nf1 Bh6 28. Ra1 Ncb4 29. a3 Rc2 30. Nd2 Nc6 31. Bf2 Nf4 32. Qb5 Bd3 33. Qb3 Nxd4 34. Qb4 Qd5 35. Nf3 Nxf3+ 36. Kh1 Nxh4 37. Rg1 Nfxg2 38. Qxe7 Nf4+ 39. Kh2 Rxf2+ 40. Kg3 Qf3+ 0-1